UBT Library

INSTRUCTIONS FOR PEDIATRIC PATIENTS (Record no. 59773)

000 -LEADER
fixed length control field 00333nam a22001457a 4500
008 - FIXED-LENGTH DATA ELEMENTS--GENERAL INFORMATION
fixed length control field 230518b ||||| |||| 00| 0 eng d
020 ## - INTERNATIONAL STANDARD BOOK NUMBER
International Standard Book Number 0721631606
041 ## - LANGUAGE CODE
Language code of text/sound track or separate title eng
080 ## - UNIVERSAL DECIMAL CLASSIFICATION NUMBER
Universal Decimal Classification number 616.53
082 ## - DEWEY DECIMAL CLASSIFICATION NUMBER
Classification number 616.53SCH
100 ## - Rafti
Rafti 14
101 ## - Shkurtesa
Shkurtesa PEDI
245 ## - TITLE STATEMENT
Title INSTRUCTIONS FOR PEDIATRIC PATIENTS
Statement of responsibility, etc SCHMITT.D.B
942 ## - ADDED ENTRY ELEMENTS (KOHA)
Source of classification or shelving scheme
Item type Books
Holdings
Withdrawn status Lost status Source of classification or shelving scheme Damaged status Not for loan Collection code Permanent location Current location Date acquired Total Checkouts Full call number Barcode Date last seen Price effective from Koha item type
          Koleksioni i përgjithshem UBT - Lipjan UBT - Lipjan 05/18/2023   616.53SCH 002-800080316 05/18/2023 05/18/2023 Books
UBT Library © 2015-2024. All rights reserved University Education for Business and Technology